000 00863nam a2200229Ia 4500
003 Ost
005 20260507075645.0
008 260507s9999||||xx |||||||||||||| ||und||
020 _a×695919977
040 _cfsecg
041 _aara
082 _a658.3124
100 _aنيوباي، توني
_eمؤلف
245 0 _aالتدريب الفعال وأثره على التكلفة :
_bدليل المدرب /
_c توني نيوباي
260 _aالقاهرة:
_bمجموعة النيل العربية,
_c2003
300 _a144 صفحة؛
_bإيضاحات ؛
_c24 سم
490 _aسلسلة المدرب العلمية
520 _aالتدريب هدفه، النجاح الذي يحقق ، تطبيق التدريب الفعال ، قياس نتائج التدريب
653 _aالتدريب
653 _aالتكلفة
942 _cكتاب
999 _c45470
_d45470